00277nam a2200121Ia 4500100002300000366000700023654002500030245002500055260004600080082000800126300000900134546001200143 aLowery/ Joseph.W.  f15 aDream Weaver 4 Bible aDream Weaver 4 Bible bIDG Books India (P) Ltd.aNew Delhic2001 a5.1 a1178 aENGLISH